|
|
|
|
| LEADER |
00000nam1a2200000 4500 |
| 001 |
271858 |
| 005 |
20231031225512.0 |
| 035 |
|
|
|a (RuTPU)RU\TPU\book\295061
|
| 035 |
|
|
|a RU\TPU\book\297562
|
| 090 |
|
|
|a 271858
|
| 100 |
|
|
|a 20141105d1985 k y0rusy5003 ca
|
| 101 |
0 |
|
|a rus
|
| 102 |
|
|
|a RU
|
| 200 |
1 |
|
|a Вендская система. Историко-геологическое и палеонтологическое обоснование
|e [в 2 т.]
|f Академия наук СССР (АН СССР), Отделение геологии, геофизики и геохимии
|
| 210 |
|
|
|a Москва
|c Наука
|d 1985
|
| 712 |
0 |
2 |
|a Академия наук СССР (АН СССР)
|b Отделение геологии, геофизики и геохимии
|2 stltpush
|3 (RuTPU)RU\TPU\col\722
|
| 801 |
|
1 |
|a RU
|b 63413507
|c 20141013
|
| 801 |
|
2 |
|a RU
|b 63413507
|c 20150402
|g RCR
|
| 942 |
|
|
|c BK
|